000 00490nam a2200157 i 4500
001 83188
003 ES-MaACL
005 20230906174806.0
007 t|
008 041115s1979 sp ||||1| spa d
245 0 0 _aReseña estadística de la provincia de Jaén /
_cInstituto Nacional de Estadística.
260 _a[Madrid :
_bs.n.,
_c1979]
300 _a197 p., 10 lám. ;
_c27 cm.
710 2 _aInstituto Nacional de Estadística (España)
_95162
852 _aES-MaACL
_jA-10536
_bR.99928
999 _c83188
_d83188